[Event "FRA-ch Students"]
[Site "Nancy"]
[Date "2020.02.08"]
[Round "1"]
[White "Pelhate, Eric"]
[Black "Ginovart, Axel"]
[Result "0-1"]
[WhiteElo "1560"]
[BlackElo "2164"]
[PlyCount "64"]
[EventDate "2020.01.??"]
[EventType "swiss (rapid)"]
[EventRounds "9"]
[EventCountry "FRA"]
[SourceTitle "EXT 2021"]
[Source "ChessBase"]
[SourceDate "2020.10.23"]
[SourceVersion "1"]
[SourceVersionDate "2020.10.23"]
[SourceQuality "1"]

1. c4 Nf6 2. Nc3 d5 3. cxd5 Nxd5 4. g3 c6 5. Bg2 g6 6. d4 Bg7 7. e4 Nb6 8. Be3 Nc4 9. Qe2 Nxe3 10. fxe3 b6 11. Nf3 0-0 12. Qd2 Ba6 13. Ne2 e5 14. Rd1 exd4 15. exd4 Qe7 16. Qc2 Re8 17. e5 Nd7 18. 0-0 c5 19. Rde1 cxd4 20. Nfxd4 Rac8 21. Qb3 Bc4 22. Qf3 Nxe5 23. Qf4 Nd3 24. Nc6 Rxc6 25. Bxc6 Nxf4 26. Bxe8 Nxe2+ 27. Kf2 Bd4+ 28. Kg2 Bd5+ 29. Kh3 Qe6+ 30. g4 Qxe8 31. Kh4 Qe7+ 32. Kh3 Qe3+ 0-1

[Event "Barcelona Sants op-A18th"]
[Site "Barcelona"]
[Date "2016.08.22"]
[Round "4"]
[White "Ginovart, Axel"]
[Black "Mihajlov, Sebastian"]
[Result "0-1"]
[WhiteElo "2179"]
[BlackElo "2356"]
[PlyCount "112"]
[EventDate "2016.08.19"]
[EventType "swiss"]
[EventRounds "10"]
[EventCountry "ESP"]
[SourceTitle "CBM 174 Extra"]
[Source "ChessBase"]
[SourceDate "2016.10.10"]
[SourceVersion "1"]
[SourceVersionDate "2016.10.10"]
[SourceQuality "1"]

1. e4 e6 2. d4 d5 3. Nc3 Nf6 4. Bg5 Bb4 5. e5 h6 6. Bd2 Bxc3 7. bxc3 Ne4 8. Bd3 Nxd2 9. Qxd2 c5 10. Nf3 c4 11. Be2 Nc6 12. 0-0 Bd7 13. Rfb1 Rb8 14. Qe3 Qe7 15. Nd2 Qa3 16. Qg3 Kf8 17. Qe3 b5 18. Nf1 Ke7 19. Qd2 Kd8 20. Ne3 Kc7 21. Bh5 Rhf8 22. Nd1 a5 23. Rb2 b4 24. Qc1 g6 25. Be2 g5 26. Bh5 f6 27. exf6 Rxf6 28. Qe3 Rbf8 29. Rbb1 Rf4 30. Be2 Kd8 31. cxb4 axb4 32. Qxa3 bxa3 33. c3 Kc7 34. g3 R4f6 35. f3 Be8 36. Ne3 Bh5 37. g4 Bg6 38. Rb5 Re8 39. Kg2 Rff8 40. Bd1 Rb8 41. Ba4 Rxb5 42. Bxb5 Na5 43. Ba4 Rb8 44. Kg3 Rb2 45. Nd1 Rb1 46. Rxb1 Bxb1 47. Ne3 Bxa2 48. Nc2 Bb3 49. Bxb3 cxb3 50. Nxa3 Nc4 51. Nb1 Kb6 52. f4 Nd6 53. fxg5 Ne4+ 54. Kf4 hxg5+ 55. Ke3 Kb5 56. h3 Kc4 0-1

[Event "FRA-ch U18"]
[Site "Gonfreville"]
[Date "2016.??.??"]
[Round "8"]
[White "Ginovart, Axel"]
[Black "Rakotomaharo, Fy Antenaina"]
[Result "0-1"]
[WhiteElo "2112"]
[BlackElo "2438"]
[PlyCount "98"]
[EventDate "2016.04.22"]
[EventType "swiss"]
[EventRounds "9"]
[EventCountry "FRA"]
[SourceTitle "EXT 2019"]
[Source "ChessBase"]
[SourceDate "2018.10.10"]
[SourceVersion "1"]
[SourceVersionDate "2018.10.10"]
[SourceQuality "1"]

1. e4 c5 2. Nf3 d6 3. Bb5+ Nd7 4. c3 Ngf6 5. Qe2 a6 6. Ba4 b5 7. Bc2 Bb7 8. 0-0 g6 9. d4 Bg7 10. e5 dxe5 11. dxe5 Bxf3 12. gxf3 Nd5 13. e6 fxe6 14. Qxe6 N7b6 15. c4 bxc4 16. Nc3 Qd7 17. Qe2 0-0 18. Nxd5 Qxd5 19. Be4 Qe5 20. Bd2 Rab8 21. Bc3 Qf4 22. a4 a5 23. Bxg7 Kxg7 24. Rfd1 Rbd8 25. Qe1 Rd4 26. Rxd4 Qg5+ 27. Kh1 cxd4 28. Bc6 Rf4 29. Qd2 Rg4 30. Qe2 Rh4 31. Rg1 Qf6 32. Be4 Qe5 33. Rg2 Nd5 34. Qxc4 Nf4 35. Rg3 Qh5 36. Qxd4+ Kh6 37. Rg2 Nxg2 38. Kxg2 Rxh2+ 39. Kf1 Rh1+ 40. Ke2 Qh3 41. Qe3+ Kh5 42. Qc5+ g5 43. Qxa5 Qf1+ 44. Ke3 Qc1+ 45. Kd3 Qxb2 46. f4 Qb3+ 47. Kd4 Rd1+ 48. Ke5 Qb2+ 49. Kf5 Qf6# 0-1

[Event "Sautron op 15th"]
[Site "Sautron"]
[Date "2015.10.23"]
[Round "2.19"]
[White "Genereau, Thierry"]
[Black "Ginovart, Axel"]
[Result "0-1"]
[WhiteElo "1837"]
[BlackElo "2153"]
[PlyCount "88"]
[EventDate "2015.10.24"]
[EventType "swiss"]
[EventRounds "9"]
[EventCountry "FRA"]
[SourceTitle "EXT 2019"]
[Source "ChessBase"]
[SourceDate "2018.10.10"]
[SourceVersion "1"]
[SourceVersionDate "2018.10.10"]
[SourceQuality "1"]

1. c4 Nf6 2. g3 g6 3. Bg2 d5 4. cxd5 Nxd5 5. Nc3 Nb6 6. Nf3 Bg7 7. 0-0 0-0 8. d4 Nc6 9. e3 e5 10. dxe5 Nxe5 11. Nxe5 Bxe5 12. Qc2 c6 13. e4 Be6 14. b3 Qc8 15. Bb2 Bh3 16. Ne2 Bxg2 17. Kxg2 Bxb2 18. Qxb2 Qe6 19. Qc2 Rad8 20. Rad1 Qe7 21. Nc3 Kg7 22. Rfe1 Rxd1 23. Rxd1 Rd8 24. Rd3 Rxd3 25. Qxd3 Qd7 26. Qxd7 Nxd7 27. f4 Kf6 28. Kf3 Ke6 29. Ke3 h5 30. h3 Kd6 31. Kd4 Nf8 32. e5+ Kc7 33. Ne4 Ne6+ 34. Ke3 b5 35. Ng5 Nxg5 36. fxg5 c5 37. h4 Kd7 38. Kd3 Ke6 39. Ke4 b4 40. Kd3 Kxe5 41. Ke3 Kd5 42. Kd3 a5 43. Kc2 c4 44. bxc4+ Kxc4 0-1

[Event "Sautron op 15th"]
[Site "Sautron"]
[Date "2015.10.23"]
[Round "7.17"]
[White "Ginovart, Axel"]
[Black "Le Gallo, Frederic"]
[Result "1-0"]
[WhiteElo "2153"]
[BlackElo "1959"]
[PlyCount "46"]
[EventDate "2015.10.24"]
[EventType "swiss"]
[EventRounds "9"]
[EventCountry "FRA"]
[SourceTitle "EXT 2019"]
[Source "ChessBase"]
[SourceDate "2018.10.10"]
[SourceVersion "1"]
[SourceVersionDate "2018.10.10"]
[SourceQuality "1"]

1. e4 c5 2. Nc3 Nc6 3. Bb5 g6 4. Bxc6 dxc6 5. d3 Bg7 6. f4 Nf6 7. Nf3 Bg4 8. 0-0 Qc7 9. h3 Be6 10. Qe1 0-0-0 11. Ng5 h6 12. Nxe6 fxe6 13. Be3 g5 14. fxg5 hxg5 15. Bxg5 Ng4 16. hxg4 Qh2+ 17. Kf2 Rdf8+ 18. Ke3 Qxg2 19. Rxf8+ Rxf8 20. Ne2 Bd4+ 21. Kd2 Qxg4 22. Qh4 Qg2 23. c3 Bf2 1-0

[Event "Avoine op 30th"]
[Site "Avoine"]
[Date "2015.07.20"]
[Round "3"]
[White "Budak, Rewi"]
[Black "Ginovart, Axel"]
[Result "0-1"]
[WhiteElo "1894"]
[BlackElo "2089"]
[PlyCount "94"]
[EventDate "2015.07.18"]
[EventType "swiss"]
[EventRounds "9"]
[EventCountry "FRA"]
[SourceTitle "EXT 2016"]
[Source "ChessBase"]
[SourceDate "2015.10.08"]
[SourceVersion "1"]
[SourceVersionDate "2015.10.08"]
[SourceQuality "1"]

1. e4 c5 2. Nc3 Nc6 3. f4 g6 4. Nf3 Bg7 5. Bc4 e6 6. f5 Nge7 7. fxe6 dxe6 8. 0-0 0-0 9. d3 Na5 10. Qe1 Nxc4 11. dxc4 Nc6 12. Be3 b6 13. Rd1 Qe7 14. Bg5 f6 15. Bf4 e5 16. Bc1 Be6 17. Nd5 Qb7 18. a4 Rad8 19. Qh4 Nd4 20. Nxd4 Bxd5 21. Nf5 Bxc4 22. Nxg7 Bxf1 23. Rxd8 Rxd8 24. Qxf6 Rd1 25. Nf5 gxf5 26. Bh6 Qf7 27. Qxe5 Bb5+ 28. Kf2 Rf1+ 29. Ke3 f4+ 30. Bxf4 Qxf4+ 31. Qxf4 Rxf4 32. Kxf4 Bxa4 33. c3 Kf7 34. Ke5 Ke7 35. g4 Bb3 36. g5 a5 37. h4 Be6 38. h5 Bf7 39. h6 b5 40. g6 Bxg6 41. Kd5 c4 42. Kc5 Be8 43. Kb6 Ke6 44. Kxa5 Ke5 45. Kb6 Kxe4 46. Kc7 Kd3 47. Kd8 Bg6 0-1

[Event "Sautron op 14th"]
[Site "Sautron"]
[Date "2014.10.26"]
[Round "3"]
[White "Ravot, Sylvain"]
[Black "Ginovart, Axel"]
[Result "1-0"]
[WhiteElo "2259"]
[BlackElo "1946"]
[PlyCount "67"]
[EventDate "2014.10.26"]
[EventType "swiss"]
[EventRounds "9"]
[EventCountry "FRA"]
[SourceTitle "EXT 2016"]
[Source "ChessBase"]
[SourceDate "2015.10.08"]
[SourceVersion "1"]
[SourceVersionDate "2015.10.08"]
[SourceQuality "1"]

1. e4 c5 2. Nf3 a6 3. c4 Qc7 4. Nc3 e6 5. Be2 Nf6 6. 0-0 Nc6 7. d4 Ng4 8. g3 cxd4 9. Nxd4 Nge5 10. Be3 Nxd4 11. Qxd4 h5 12. c5 Nc6 13. Qa4 Be7 14. Rad1 Rb8 15. b4 Bf6 16. Qb3 h4 17. f4 hxg3 18. hxg3 g5 19. Rf2 gxf4 20. gxf4 Ke7 21. Qc4 Qd8 22. Rg2 Rh3 23. e5 Bg7 24. Bf2 Qh8 25. Bg3 Kd8 26. Bf3 Ne7 27. Bg4 Rh1+ 28. Kf2 Rxd1 29. Nxd1 b5 30. Qd4 Qh7 31. Rh2 Qc2+ 32. Ke1 Qg6 33. Ne3 Nd5 34. Bh4+ 1-0

[Event "Avoine op 29th"]
[Site "Avoine"]
[Date "2014.07.21"]
[Round "3"]
[White "Okhotnik, Vladimir"]
[Black "Ginovart, Axel"]
[Result "1-0"]
[WhiteElo "2396"]
[BlackElo "1967"]
[PlyCount "63"]
[EventDate "2014.07.19"]
[EventType "swiss"]
[EventRounds "9"]
[EventCountry "FRA"]
[SourceTitle "CBM 161 Extra"]
[Source "ChessBase"]
[SourceDate "2014.08.29"]
[SourceVersion "1"]
[SourceVersionDate "2014.08.29"]
[SourceQuality "1"]

1. d4 Nf6 2. Nf3 g6 3. Nc3 Bg7 4. e4 d6 5. Be2 0-0 6. 0-0 Nbd7 7. e5 Ne8 8. Re1 c5 9. exd6 Nxd6 10. Bf1 Nf5 11. dxc5 Nxc5 12. Bf4 Ne6 13. Be5 Qb6 14. Nd5 Qd8 15. Bc4 Bd7 16. Qe2 Bc6 17. Rad1 Bxd5 18. Bxd5 Qb6 19. Bxe6 Qxe6 20. Bxg7 Qxe2 21. Rxe2 Kxg7 22. g4 Nh6 23. Rxe7 Nxg4 24. Rxb7 Rab8 25. Rdd7 Nf6 26. Rxf7+ Rxf7 27. Rxb8 Ne4 28. Rb4 Nc3 29. Ne5 Re7 30. Nc6 Rc7 31. Nd4 a5 32. Ne6+ 1-0

[Event "Avoine op 29th"]
[Site "Avoine"]
[Date "2014.07.19"]
[Round "1"]
[White "Marie, Maxime"]
[Black "Ginovart, Axel"]
[Result "1-0"]
[WhiteElo "2211"]
[BlackElo "1967"]
[PlyCount "53"]
[EventDate "2014.07.19"]
[EventType "swiss"]
[EventRounds "9"]
[EventCountry "FRA"]
[SourceTitle "CBM 161 Extra"]
[Source "ChessBase"]
[SourceDate "2014.08.29"]
[SourceVersion "1"]
[SourceVersionDate "2014.08.29"]
[SourceQuality "1"]

1. c4 Nf6 2. g3 e5 3. Bg2 d5 4. cxd5 Nxd5 5. Nc3 Nb6 6. Nf3 Nc6 7. a3 Be7 8. b4 Be6 9. d3 0-0 10. 0-0 a5 11. b5 Nd4 12. Nd2 Bd5 13. Nxd5 Nxd5 14. Bb2 a4 15. Nc4 f6 16. Bxd4 exd4 17. Qc2 Ra7 18. Rfc1 f5 19. b6 cxb6 20. Bxd5+ Qxd5 21. Nxb6 Qb3 22. Nc8 Bxa3 23. Rxa3 Qxa3 24. Nxa7 Qb3 25. Qxb3+ axb3 26. Rb1 b2 27. Rxb2 1-0

[Event "Naujac op 17th"]
[Site "Naujac"]
[Date "2014.07.05"]
[Round "8"]
[White "Ginovart, Axel"]
[Black "Maruejols, Claude"]
[Result "0-1"]
[WhiteElo "1967"]
[BlackElo "1945"]
[PlyCount "66"]
[EventDate "2014.06.29"]
[EventType "swiss"]
[EventRounds "9"]
[EventCountry "FRA"]
[SourceTitle "CBM 161 Extra"]
[Source "ChessBase"]
[SourceDate "2014.08.29"]
[SourceVersion "1"]
[SourceVersionDate "2014.08.29"]
[SourceQuality "1"]

1. e4 c5 2. Nc3 d6 3. f4 Nc6 4. Nf3 g6 5. Bc4 Bg7 6. 0-0 e6 7. f5 gxf5 8. exf5 d5 9. Bb5 Nge7 10. fxe6 Bxe6 11. d3 Qd6 12. Bg5 Ng6 13. Qd2 h6 14. Be3 0-0-0 15. Qf2 d4 16. Ne4 Qc7 17. Bd2 Nce5 18. b4 c4 19. Nxe5 Bxe5 20. dxc4 a6 21. Ba4 Bxc4 22. Rfc1 Bxh2+ 23. Kh1 Be5 24. Bb3 Bd5 25. Bxd5 Rxd5 26. c4 Rdd8 27. b5 a5 28. Qe1 Rde8 29. c5 Kb8 30. Bxa5 Qe7 31. Bd2 Nf4 32. Nd6 Nd3 33. Qe4 Nf2+ 0-1

[Event "Naujac op 17th"]
[Site "Naujac"]
[Date "2014.07.03"]
[Round "6"]
[White "Ginovart, Axel"]
[Black "Van Dommelen, Martin"]
[Result "0-1"]
[WhiteElo "1967"]
[BlackElo "2137"]
[PlyCount "98"]
[EventDate "2014.06.29"]
[EventType "swiss"]
[EventRounds "9"]
[EventCountry "FRA"]
[SourceTitle "CBM 161 Extra"]
[Source "ChessBase"]
[SourceDate "2014.08.29"]
[SourceVersion "1"]
[SourceVersionDate "2014.08.29"]
[SourceQuality "1"]

1. e4 c5 2. Nc3 Nc6 3. Bb5 g6 4. Bxc6 dxc6 5. d3 Bg7 6. f4 c4 7. Be3 cxd3 8. Qxd3 Qc7 9. Nge2 Nf6 10. h3 0-0 11. 0-0-0 b5 12. e5 Bf5 13. Qd2 b4 14. exf6 bxc3 15. Qxc3 Bxf6 16. Bd4 Bxd4 17. Qxd4 c5 18. Qc3 Be6 19. g4 a5 20. a3 Rab8 21. Kb1 Rb7 22. Ka1 Rfb8 23. Rb1 Qc6 24. Nd4 Rxb2 25. Nxe6 fxe6 26. Rxb2 Qxh1+ 27. Ka2 Qd5+ 28. Ka1 Rd8 29. Rb5 Rc8 30. Qxa5 Qd4+ 31. Kb1 Qxf4 32. Qe1 Rc6 33. Rb3 c4 34. Rc3 Qd4 35. Ka2 Qd5 36. Qe3 e5 37. Qg5 Rc7 38. h4 Rb7 39. Qc1 Qd4 40. Qe1 e4 41. a4 Rb4 42. a5 e5 43. g5 Rb8 44. a6 Qb6 45. Qa1 Qxa6+ 46. Ra3 Qxa3+ 47. Kxa3 Ra8+ 48. Kb2 Rxa1 49. Kxa1 e3 0-1

[Event "Sautron op 13th"]
[Site "Sautron"]
[Date "2013.11.01"]
[Round "8"]
[White "Ginovart, Axel"]
[Black "Duboue, Peio"]
[Result "0-1"]
[WhiteElo "1881"]
[BlackElo "2239"]
[PlyCount "62"]
[EventDate "2013.10.26"]
[EventType "swiss"]
[EventRounds "9"]
[EventCountry "FRA"]
[SourceTitle "EXT 2016"]
[Source "ChessBase"]
[SourceDate "2015.10.08"]
[SourceVersion "1"]
[SourceVersionDate "2015.10.08"]
[SourceQuality "1"]

1. e4 e5 2. Nf3 d6 3. d4 exd4 4. Nxd4 g6 5. Bc4 Bg7 6. 0-0 Nc6 7. Nxc6 bxc6 8. Qf3 Qf6 9. Nd2 Ne7 10. Qxf6 Bxf6 11. Nf3 d5 12. Bb3 0-0 13. e5 Bg7 14. Bg5 Re8 15. Rfe1 Bb7 16. c3 h6 17. Be3 g5 18. Bd4 Ng6 19. Re3 g4 20. Nd2 h5 21. Nf1 Bf8 22. e6 fxe6 23. Rae1 c5 24. Rxe6 Rxe6 25. Rxe6 Nf4 26. Re4 Nd3 27. Re3 Nxb2 28. Be5 c4 29. Bc2 Bc5 30. Re1 Re8 31. Rb1 Rxe5 0-1

[Event "Sautron op 13th"]
[Site "Sautron"]
[Date "2013.10.30"]
[Round "6"]
[White "Ginovart, Axel"]
[Black "Kasparov, Sergey"]
[Result "1/2-1/2"]
[WhiteElo "1881"]
[BlackElo "2480"]
[PlyCount "113"]
[EventDate "2013.10.26"]
[EventType "swiss"]
[EventRounds "9"]
[EventCountry "FRA"]
[SourceTitle "EXT 2016"]
[Source "ChessBase"]
[SourceDate "2015.10.08"]
[SourceVersion "1"]
[SourceVersionDate "2015.10.08"]
[SourceQuality "1"]

1. e4 e6 2. d4 d5 3. Nc3 dxe4 4. Nxe4 Nd7 5. Nf3 Ngf6 6. Nxf6+ Nxf6 7. Bg5 c5 8. Bd3 Qa5+ 9. Qd2 Qxd2+ 10. Bxd2 cxd4 11. Nxd4 a6 12. 0-0 Bd7 13. h3 Be7 14. Rfe1 0-0 15. Nf5 Bc5 16. Be3 Bxe3 17. Nxe3 Rac8 18. Rac1 Rfd8 19. Red1 Kf8 20. Kf1 Bc6 21. Ke1 g5 22. Bf1 Ke7 23. Rxd8 Rxd8 24. Rd1 Rxd1+ 25. Kxd1 h5 26. Nc4 Bb5 27. Ne3 Bxf1 28. Nxf1 Kd6 29. Nd2 Ke5 30. Ke2 Nd7 31. Ke3 g4 32. hxg4 hxg4 33. c4 f5 34. f4+ gxf3 35. gxf3 Kd6 36. b4 e5 37. a4 a5 38. bxa5 Nc5 39. f4 e4 40. Nf1 Nb3 41. Ng3 Ke6 42. Nf1 Nxa5 43. Nd2 Kd6 44. Kd4 Nc6+ 45. Kc3 b6 46. Nb3 Ne7 47. Kd4 Nc6+ 48. Kc3 Kc7 49. c5 Kb7 50. cxb6 Kxb6 51. Kd2 Ne7 52. a5+ Kb5 53. Nd4+ Kxa5 54. Ke3 Nd5+ 55. Kd2 Nxf4 56. Nxf5 e3+ 57. Kxe3 1/2-1/2

[Event "Sautron op 13th"]
[Site "Sautron"]
[Date "2013.10.29"]
[Round "5"]
[White "Haub, Thorsten Michael"]
[Black "Ginovart, Axel"]
[Result "0-1"]
[WhiteElo "2455"]
[BlackElo "1881"]
[PlyCount "99"]
[EventDate "2013.10.26"]
[EventType "swiss"]
[EventRounds "9"]
[EventCountry "FRA"]
[SourceTitle "EXT 2016"]
[Source "ChessBase"]
[SourceDate "2015.10.08"]
[SourceVersion "1"]
[SourceVersionDate "2015.10.08"]
[SourceQuality "1"]

1. g3 e5 2. Bg2 d5 3. d3 Nc6 4. a3 Be6 5. Nc3 Qd7 6. b4 f6 7. Bb2 Nge7 8. Qd2 g5 9. b5 Nd8 10. d4 Nf7 11. e4 0-0-0 12. a4 dxe4 13. Nxe4 Nd5 14. 0-0-0 g4 15. Qa5 Kb8 16. Nc5 Qe8 17. c4 Nb6 18. Nxb7 Bf5 19. Nxd8 Bh6+ 20. Rd2 Nxc4 21. Qa6 Bxd2+ 22. Kd1 Nxd8 23. b6 Qxa4+ 24. Qxa4 Nxb2+ 25. Kxd2 Nxa4 26. bxa7+ Kxa7 27. Ne2 Nb6 28. Ra1+ Kb8 29. Nc3 Bd7 30. d5 Nb7 31. Na2 Nd6 32. Nb4 Bb5 33. f3 h5 34. Kc3 Kc8 35. h3 Kd7 36. Rh1 gxf3 37. Bxf3 e4 38. Bd1 f5 39. Kd4 Nbc4 40. Be2 Nb6 41. Bd1 h4 42. g4 f4 43. g5 f3 44. Nc2 Nf5+ 45. Ke5 Ng3 46. Rh2 Rf8 47. g6 f2 48. Bg4+ Ke7 49. Ne3 Nc4+ 50. Kd4 0-1

[Event "FRA-ch op-B"]
[Site "Nancy"]
[Date "2013.08.18"]
[Round "6"]
[White "Adeimi, Michel"]
[Black "Ginovart, Axel"]
[Result "0-1"]
[WhiteElo "1949"]
[BlackElo "1857"]
[PlyCount "78"]
[EventDate "2013.08.11"]
[EventType "swiss"]
[EventRounds "11"]
[EventCountry "FRA"]
[SourceTitle "CBM 156 Extra"]
[Source "ChessBase"]
[SourceDate "2013.10.22"]
[SourceVersion "1"]
[SourceVersionDate "2013.10.22"]
[SourceQuality "1"]

1. e4 e6 2. d3 c5 3. Nf3 Nc6 4. Qe2 Be7 5. g3 d5 6. Bg2 dxe4 7. dxe4 e5 8. 0-0 Bg4 9. c3 Nf6 10. h3 Be6 11. Ng5 Bd7 12. f4 h6 13. Nf3 exf4 14. gxf4 Qc7 15. Nh2 0-0-0 16. e5 Nh7 17. Na3 g5 18. fxg5 Nxg5 19. Bxg5 Bxg5 20. Nb5 Qxe5 21. Nxa7+ Kc7 22. Nb5+ Kb8 23. Qxe5+ Nxe5 24. Nd6 Bxh3 25. Nxf7 Be3+ 26. Kh1 Bxg2+ 27. Kxg2 Rd2+ 28. Kh3 Nxf7 29. Rxf7 Rxb2 30. Ng4 Bd2 31. Ne5 Bxc3 32. Nd7+ Ka8 33. Rf3 Rc2 34. Rb1 Bb4 35. a3 Ba5 36. Rb5 Bc7 37. Nxc5 Rg8 38. Kh4 Rh2+ 39. Rh3 Bd8+ 0-1

[Event "FRA-ch U14"]
[Site "Saint Paul Trois Chateaux"]
[Date "2013.05.05"]
[Round "8"]
[White "Mohammad, Fahim"]
[Black "Ginovart, Axel"]
[Result "1-0"]
[WhiteElo "2027"]
[BlackElo "1849"]
[PlyCount "49"]
[EventDate "2013.04.28"]
[EventType "swiss"]
[EventRounds "9"]
[EventCountry "FRA"]
[SourceTitle "CBM 154 Extra"]
[Source "ChessBase"]
[SourceDate "2013.06.25"]
[SourceVersion "2"]
[SourceVersionDate "2013.06.25"]
[SourceQuality "1"]

1. d4 Nf6 2. c4 c5 3. d5 b5 4. Nf3 bxc4 5. Nc3 g6 6. e4 d6 7. Bxc4 Bg7 8. 0-0 0-0 9. Re1 Nbd7 10. Bg5 Ng4 11. Nd2 Nge5 12. Bf1 Nb6 13. f4 Ned7 14. a4 Nb8 15. a5 N6d7 16. Nc4 Ba6 17. e5 dxe5 18. d6 Bf6 19. Bxf6 exf6 20. Qd5 Qc8 21. Qxa8 Bb7 22. Qxa7 Qc6 23. Nb6 exf4 24. Nbd5 Kg7 25. Bb5 1-0

[Event "FRA-ch U14"]
[Site "Saint Paul Trois Chateaux"]
[Date "2013.04.29"]
[Round "2"]
[White "Ginovart, Axel"]
[Black "Colin, Enzo"]
[Result "1-0"]
[WhiteElo "1849"]
[BlackElo "1731"]
[PlyCount "73"]
[EventDate "2013.04.28"]
[EventType "swiss"]
[EventRounds "9"]
[EventCountry "FRA"]
[SourceTitle "CBM 154 Extra"]
[Source "ChessBase"]
[SourceDate "2013.06.25"]
[SourceVersion "2"]
[SourceVersionDate "2013.06.25"]
[SourceQuality "1"]

1. e4 e6 2. d4 d5 3. Nc3 Nf6 4. Bg5 Bb4 5. e5 h6 6. Bd2 Bxc3 7. bxc3 Ne4 8. Bc1 c5 9. Ne2 Qa5 10. f3 Nxc3 11. Qd2 cxd4 12. Nxd4 Qc7 13. Qe3 a6 14. Bd2 Na4 15. Bb4 Nc5 16. Nb5 axb5 17. Bxc5 Bd7 18. Bd3 Nc6 19. f4 Ra4 20. 0-0 d4 21. Qg3 g6 22. Bd6 Qb6 23. Rfb1 b4 24. Qg4 Ne7 25. Qh4 Nd5 26. a3 Qd8 27. Qg3 Qa8 28. Rb3 Bc6 29. Bc4 Ne3 30. Bxe6 Bxg2 31. f5 Rg8 32. Bxf7+ Kxf7 33. e6+ Ke8 34. f6 Kd8 35. f7 Rh8 36. f8Q+ Rxf8 37. e7+ 1-0

[Event "FRA-ch op-C"]
[Site "Caen"]
[Date "2011.08.26"]
[Round "10"]
[White "Bricquir, Stephane"]
[Black "Ginovart, Axel"]
[Result "0-1"]
[WhiteElo "1703"]
[BlackElo "1793"]
[PlyCount "38"]
[EventDate "2011.08.16"]
[EventType "swiss"]
[EventRounds "11"]
[EventCountry "FRA"]
[SourceTitle "EXT 2012"]
[Source "ChessBase"]
[SourceDate "2011.11.24"]
[SourceVersion "1"]
[SourceVersionDate "2011.11.24"]
[SourceQuality "1"]

1. d4 d5 2. Nf3 c5 3. dxc5 e6 4. c4 Bxc5 5. cxd5 exd5 6. e3 Nf6 7. Bb5+ Nc6 8. Qa4 0-0 9. 0-0 Qb6 10. Nbd2 Bf5 11. Bxc6 bxc6 12. Nd4 Bd7 13. N2f3 Bd6 14. Qc2 Ne4 15. Bd2 c5 16. Nb3 Bg4 17. Ba5 Qb5 18. Nfd2 c4 19. Nxe4 dxe4 0-1

[Event "FRA-ch op-C"]
[Site "Caen"]
[Date "2011.08.25"]
[Round "9"]
[White "Ginovart, Axel"]
[Black "Hoerdt, Audran"]
[Result "1-0"]
[WhiteElo "1793"]
[BlackElo "1707"]
[PlyCount "43"]
[EventDate "2011.08.16"]
[EventType "swiss"]
[EventRounds "11"]
[EventCountry "FRA"]
[SourceTitle "EXT 2012"]
[Source "ChessBase"]
[SourceDate "2011.11.24"]
[SourceVersion "1"]
[SourceVersionDate "2011.11.24"]
[SourceQuality "1"]

1. e4 e6 2. d4 d5 3. Nc3 Nf6 4. Bg5 Be7 5. e5 Nfd7 6. h4 c5 7. Bxe7 Kxe7 8. f4 Nc6 9. dxc5 Nxc5 10. Nge2 Qb6 11. a4 Qxb2 12. Rb1 Qa3 13. Rh3 Kf8 14. Ne4 Qxh3 15. gxh3 Nxe4 16. Bg2 Nc5 17. c4 Ke7 18. cxd5 exd5 19. Qxd5 Nd7 20. Qd6+ Kd8 21. Bxc6 bxc6 22. Nd4 1-0

[Event "FRA-ch U12"]
[Site "Montlucon"]
[Date "2011.04.23"]
[Round "8"]
[White "Ginovart, Axel"]
[Black "Roque, Gaetan"]
[Result "1/2-1/2"]
[WhiteElo "1802"]
[BlackElo "1583"]
[PlyCount "111"]
[EventDate "2011.04.17"]
[EventType "swiss"]
[EventRounds "9"]
[EventCountry "FRA"]
[SourceTitle "CBM 142 Extra"]
[Source "ChessBase"]
[SourceDate "2011.06.27"]
[SourceVersion "1"]
[SourceVersionDate "2011.06.27"]
[SourceQuality "1"]

1. e4 c6 2. d4 d5 3. Nc3 b5 4. a3 dxe4 5. Nxe4 Nf6 6. Nxf6+ exf6 7. Ne2 Bd6 8. Ng3 0-0 9. Be2 Be6 10. 0-0 Nd7 11. Bf3 Qc7 12. Re1 Nb6 13. b3 Bxg3 14. hxg3 Nd5 15. Qd3 Rac8 16. Bb2 b4 17. axb4 Nxb4 18. Qd2 c5 19. dxc5 Qxc5 20. Ba3 a5 21. Rec1 Rfd8 22. Qf4 Qc3 23. Bxb4 Qxb4 24. Qe3 Qd2 25. Qxd2 Rxd2 26. Be4 g6 27. Bd3 Bxb3 28. cxb3 Rxc1+ 29. Rxc1 Rxd3 30. Rb1 Kf8 31. Kf1 Ke7 32. Ke2 Rd5 33. g4 Rd4 34. Re1 Re4+ 35. Kd2 Rxe1 36. Kxe1 Kd6 37. Kd2 Kc5 38. Kc3 h6 39. g3 f5 40. gxf5 gxf5 41. f3 h5 42. f4 f6 43. Kc2 Kd4 44. Kd2 Ke4 45. Ke2 h4 46. gxh4 Kxf4 47. Kf2 Kg4 48. Ke3 Kxh4 49. Kf4 Kh3 50. Kxf5 Kg3 51. Kxf6 Kf4 52. Ke6 Ke4 53. Kd6 Kd4 54. Kc6 Kc3 55. Kb5 Kxb3 56. Kxa5 1/2-1/2

[Event "FRA-ch U12"]
[Site "Montlucon"]
[Date "2011.04.18"]
[Round "2"]
[White "Ginovart, Axel"]
[Black "Leibenguth, Pablo"]
[Result "1-0"]
[WhiteElo "1802"]
[BlackElo "1633"]
[PlyCount "63"]
[EventDate "2011.04.17"]
[EventType "swiss"]
[EventRounds "9"]
[EventCountry "FRA"]
[SourceTitle "CBM 142 Extra"]
[Source "ChessBase"]
[SourceDate "2011.06.27"]
[SourceVersion "1"]
[SourceVersionDate "2011.06.27"]
[SourceQuality "1"]

1. e4 c5 2. Nc3 d6 3. f4 Nc6 4. Nf3 e5 5. Bb5 exf4 6. d3 g5 7. h4 g4 8. Ng1 Be7 9. Bxf4 Bxh4+ 10. g3 Bg5 11. Qd2 Bxf4 12. Qxf4 Qd7 13. Nge2 Qe6 14. Nd5 Qd7 15. Nf6+ Nxf6 16. Qxf6 Rf8 17. Rxh7 Qe6 18. Qf2 a6 19. Bc4 Qg6 20. Rh2 Ne5 21. 0-0-0 Nf3 22. Nf4 Qg5 23. Rh5 Qd8 24. Rdh1 Qa5 25. Nd5 b5 26. Bb3 Be6 27. Nf6+ Ke7 28. Nd5+ Ke8 29. c3 Rc8 30. Qe3 c4 31. dxc4 bxc4 32. Nf6+ 1-0

[Event "Rohde op 09th"]
[Site "Sautron"]
[Date "2009.10.28"]
[Round "6"]
[White "Ginovart, Axel"]
[Black "Relaix, Gildas"]
[Result "0-1"]
[WhiteElo "1796"]
[BlackElo "1731"]
[PlyCount "54"]
[EventDate "2009.10.24"]
[EventType "swiss"]
[EventRounds "9"]
[EventCountry "FRA"]
[SourceTitle "EXT 2010"]
[Source "ChessBase"]
[SourceDate "2010.11.25"]
[SourceVersion "1"]
[SourceVersionDate "2010.11.25"]
[SourceQuality "1"]

1. e4 e6 2. d4 d5 3. e5 c5 4. c3 Qb6 5. Bd3 Nc6 6. Nf3 Bd7 7. Bc2 f6 8. a3 a5 9. 0-0 cxd4 10. cxd4 fxe5 11. Nxe5 Nf6 12. Nxd7 Kxd7 13. Nc3 Qxd4 14. Be3 Qxd1 15. Raxd1 Bd6 16. f3 Ke7 17. Nb5 h6 18. Nxd6 Kxd6 19. Rc1 Rhc8 20. Kf2 Ke7 21. Bc5+ Kf7 22. Ba4 Nd7 23. f4 Nxc5 24. Rxc5 Ne7 25. Rxc8 Rxc8 26. Re1 Rc7 27. g4 Rc4 0-1